000 00412nam a22001697a 4500
003 MPLRDC
005 20220104125229.0
008 210129b ||||| |||| 00| 0 eng d
082 _a857.9 LCY-36 v.2
100 _a柳残阳
245 _a屠龙手. 二
_c
260 _a
_b毅力出版社
_c
300 _b
490 _a柳残阳小说专辑. 60
650 _a武侠小说
942 _cBK
_o857.9 LCY-36 v.2
999 _c25710
_d25700